Tin học và Nhà trường = Informatics and School Magazine /

Na minha lista:
Detalhes bibliográficos
Autor Corporativo: Hội Tin học Việt Nam
Formato: Periódico
Idioma:Vietnamese
Publicado em: H. : Hội Tin học Việt Nam,
Tags: Adicionar Tag
Sem tags, seja o primeiro a adicionar uma tag!
Thư viện lưu trữ: Thư viện Trường Đại học Đà Lạt
LEADER 00626nam a2200241 4500
001 DLU030024362
040 # # |a DLU  |b vie 
041 # # |a vie 
245 # # |a Tin học và Nhà trường =  |b Informatics and School Magazine /  |c Hội Tin học Việt Nam 
246 # # |a Informatics and School Magazine 
260 # # |a H. :  |b Hội Tin học Việt Nam, 
300 # # |a v. ;  |c 27 cm 
710 # # |a Hội Tin học Việt Nam 
992 # # |a 3000 
994 # # |a DLU 
900 # # |a True 
911 # # |a Nguyễn Thị Hồng Lê 
925 # # |a G 
926 # # |a A 
927 # # |a TT 
980 # # |a Thư viện Trường Đại học Đà Lạt